| 000 | 00000nam 2200000za 4500 |
| 001 | 9.853774 |
| 003 | CaOODSP |
| 005 | 20221107154916 |
| 007 | cr ||||||||||| |
| 008 | 180316s1993 quca|||#o f000 0 fre d |
| 020 | |z2550275403 |
| 040 | |aCaOODSP|bfre |
| 043 | |an-cn-qu |
| 086 | 1 |aNH15-781/1993F-PDF |
| 245 | 03|aLa domotique, pour le maintien à domicile |h[ressource électronique] : |bprojet pilote de logement adapté intégrant la domotique. |
| 246 | 30|aProjet pilote de logement adapté intégrant la domotique. |
| 260 | |a[Ottawa] : |bLa Société canadienne d’hypothèques et de lodgement ; |a[Québec] : |bMinistère de l'industrie, du commerce et de la technologie, |c[1993]. |
| 300 | |a12 p. : |bill. |
| 500 | |aTitre de la couv. |
| 500 | |a« Projet expérimental réalisé conjointement par La Société canadienne d’hypothèques et de lodgement, Le ministère de I'lndustrie, du Commerce et de la Technologie, La Société d’habitation du Québec »--p. 12. |
| 500 | |aÉdition numérisée de l’imprimée [par La Société canadienne d’hypothèques et de lodgement]. |
| 500 | |aPublié aussi en anglais sous le titre : Home automation : maintaining people in their own homes : pilot project for adapted housing integrating home automation. |
| 520 | 0 |a« Pour la première fois au Québec, la domotique est expérimentée dans le contexte d’un logement adapté pour une personne à mobilité restreinte. L’emploi de la domotique est en fait une solution à envisage pour accroître I’autonomie des personnes âgées ou vivant avec un handicap et pour permettre ainsi leur maintien à domicile. Ce projet sera également I’occasion de vérifier si cette technologie comporte des avantages économiques par rapport à d’autres formules d’hébergement »--p. 2. |
| 692 | 07|2gccst|aPersonne handicapée |
| 692 | 07|2gccst|aLogement |
| 692 | 07|2gccst|aAutomatisation |
| 692 | 07|2gccst|aTechnologie d'aide |
| 710 | 1 |aQuébec (Province). |bMinistère de l'industrie, du commerce et de la technologie. |
| 710 | 2 |aSociété d'habitation du Québec. |
| 710 | 2 |aSociété canadienne d'hypothèques et de logement. |
| 775 | 08|tHome automation |w(CaOODSP)9.853769 |
| 856 | 40|qPDF|s1.12 Mo|uhttps://publications.gc.ca/collections/collection_2018/schl-cmhc/nh15/NH15-781-1993-fra.pdf |